El movimiento Carismático / W. Smouter ... [et. al.] (Registro nro. 33150)
[ vista simple ]
| 000 -LÍDER | |
|---|---|
| Campo fijo de descripción fija | 012290000a22002050004500 |
| 020 ## - NÚMERO INTERNACIONAL NORMALIZADO PARA LIBROS | |
| Número Internacional Normalizado del libro | 906311029-4 : Donación. |
| 041 0# - CÓDIGO DE IDIOMA | |
| Código de idioma para texto/pista de sonido o título separado | |
| 082 04 - NÚMERO DE CLASIFICACIÓN DECIMAL DEWEY | |
| Número de clasificación | G 238.5731 S6667m |
| 001 - NÚMERO DE CONTROL | |
| Campo de control | 2119 |
| 245 10 - TÍTULO | |
| Título del Material | El movimiento Carismático / W. Smouter ... [et. al.] |
| 260 ## - PUBLICACIÓN, DISTRIBUCIÓN, ETC. (PIE DE IMPRENTA) | |
| Lugar de publicación, distribución, etc. | Rijswijk, Países Bajos : FELIRE (ver Fundación Editorial de Literatura Reformada) |
| 300 ## - DESCRIPCIÓN FÍSICA | |
| Extensión | 115 p. |
| 336 ## - CONTENT TYPE | |
| Content type term | texto |
| Content type code | txt |
| Source | rdacontent |
| 337 ## - MEDIA TYPE | |
| Source | rdamedia |
| Media type term | sin mediación |
| Media type code | n |
| 338 ## - CARRIER TYPE | |
| Source | rdacarrier |
| Carrier type term | volumen |
| Carrier type code | nc |
| 501 ## - NOTA DE “CON” | |
| Nota de Contenido | Encuadernado en rústico con pasta flexible |
| 505 00 - NOTA DE CONTENIDO | |
| Nota de contenido con formato preestablecido | Creo en el Espíritu Santo / Rev. W. Smouter -- La dirección del Espíritu Santo / Dr. F. L. Schalwijk -- El movimiento carismático ¿cómo enfrentarlo cristianamente? / Rev. W. Smouter -- El movimiento carismático en la iglesia Católica Romana / F. J. Kerkhof -- El Espíritu Santo y su obra / Rev. A. J. Moggré -- Oración del Espíritu de Dios / Rev. J. C. Janes -- Fe y experiencia / Rev. W. Smouter -- El movimiento carismático: una aproximación histórica y doctrinal / Rev. E. Monjo -- A la ley y al testimonio / Rev. R. Cerni. |
| 650 14 - ASIENTO SECUNDARIO DE MATERIA - TERMINO TEMÁTICO | |
| Término temático o nombre geográfico como elemento de entrada | MOVIMIENTO CARISMATICO \ PENTECOSTALISMO \ MOVIMIENTO CARISMATICO - CREDO \ ESPIRITU SANTO |
| 942 ## - TIPO DE MATERIAL (KOHA) | |
| Tipo de Item KOHA | Libros General |
| Estado de Material | Estado de Perdido | Estado de Dañado | No para Préstamo | Colección | Tomo | Biblioteca de Origen | Biblioteca Permanente | Fecha de Adquisición | Total de Préstamos | Total de Renovaciones | Signatura Topográfica | Código de Barras | Última vez visto | Última vez Préstado | Ejemplar/Existencia | Fecha de Remplazo | Tipo de Material |
|---|---|---|---|---|---|---|---|---|---|---|---|---|---|---|---|---|---|
| Colección General | Biblioteca FUSBC | Biblioteca FUSBC | 22/09/2010 | 1 | 2 | G 238.5731 S6667m | 2649 | 06/06/2022 | 10/10/2018 | 1 | 26/01/2016 | Libros General |
